Viviendas (Record no. 161212)

MARC details
000 -LEADER
fixed length control field 00580nam a22001937a 4500
005 - DATE AND TIME OF LATEST TRANSACTION
control field 20220323114953.0
008 - FIXED-LENGTH DATA ELEMENTS--GENERAL INFORMATION
fixed length control field 220323b sp ||||| |||| 00| 0 spa d
020 ## - INTERNATIONAL STANDARD BOOK NUMBER
International Standard Book Number 8432960535
050 04 - LIBRARY OF CONGRESS CALL NUMBER
Classification number NK2115.5.L5
Item number J56 1998
100 1# - MAIN ENTRY--PERSONAL NAME
Personal name Jiménez, Carlos
245 10 - TITLE STATEMENT
Title Viviendas
Statement of responsibility, etc / Carlos Jiménez.
250 ## - EDITION STATEMENT
Edition statement 1a ed.
260 ## - PUBLICATION, DISTRIBUTION, ETC. (IMPRINT)
Place of publication, distribution, etc Barcelona, España :
Name of publisher, distributor, etc Ediciones ceac,
Date of publication, distribution, etc c1998
300 ## - PHYSICAL DESCRIPTION
Extent 239 p. :
Other physical details il. ;
Dimensions 23 cm.
490 #0 - SERIES STATEMENT
Series statement Manual de Luminotecnia
504 ## - BIBLIOGRAPHY, ETC. NOTE
Bibliography, etc Incluye apéndices e índice
650 #7 - SUBJECT ADDED ENTRY--TOPICAL TERM
Source of heading or term lemb
Topical term or geographic name as entry element Iluminación decorativa
General subdivision Viviendas
942 ## - ADDED ENTRY ELEMENTS (KOHA)
Source of classification or shelving scheme Biblioteca del Cogreso de los Estados Unidos
Koha item type Libro
Holdings
Estado de pérdida Fuente de clasificación Estado del daño No para préstamo Ubicación permanente Ubicación actual Apartado o colección Fecha de adquisición Fuente de adquisición Edición Área del conocimiento Total Checkouts Clasificación Código de Barras Date last seen Número de copia Costo por reposición Tipo de recurso
  Biblioteca del Cogreso de los Estados Unidos     Biblioteca de la Facultad de Ingeniería Eléctrica Biblioteca de la Facultad de Ingeniería Eléctrica General 23/03/2022 Unidad Académica 1a ed. Ingeniería y Tecnología   NK2115.5.L5 J56 1998 BIE000000579 23/03/2022 C:1 1.00 Libro